| 000 | 00838cam a2200253 a 4500 | ||
|---|---|---|---|
| 999 |
_c531873 _d531873 |
||
| 001 | 14991987 | ||
| 005 | 20191029192707.0 | ||
| 008 | 070901s2007 ilua b 001 0 eng | ||
| 020 | _a9781932364316 (pbk.) | ||
| 020 | _a9781932364323 (hbk.) | ||
| 040 | _cDLC | ||
| 082 |
_a307.1216 _bGAB |
||
| 100 | 1 |
_aGaber, John. _925001 |
|
| 245 | 1 | 0 |
_aQualitative analysis for planning and policy : _bbeyond the numbers / _cJohn Gaber and Sharon Gaber. |
| 260 |
_aChicago, IL : _bPlanners Press, _cc2007. |
||
| 300 |
_aix, 166 p. : _bill. ; _c26 cm. |
||
| 504 | _aIncludes bibliographical references (p. 155-158) and index. | ||
| 650 | 0 |
_aCity planning. _9808 |
|
| 650 | 0 |
_aRegional planning. _923371 |
|
| 650 | 0 |
_aLand use _xPlanning. _923435 |
|
| 650 | 0 |
_aQualitative research. _91575 |
|
| 700 | 1 |
_aGaber, Sharon. _925002 |
|
| 942 |
_2ddc _cBK |
||